| 000 | 00000nam 2200000za 4500 |
| 001 | 9.699582 |
| 003 | CaOODSP |
| 005 | 20210625000438 |
| 007 | cr ||||||||||| |
| 008 | 150407|1966||||xxc|||||o f|0| 0 eng d |
| 040 | |aCaOODSP|beng |
| 043 | |an-cn--- |
| 086 | 1 |aCP32-95/1966E-PDF |
| 086 | 1 |aZ1-1964/4E-PDF |
| 110 | 1 |aCanada.|bPrivy Council. |
| 245 | 10|aReport of Commission of Inquiry as to the Future of the Air Canada Overhaul Base at Winnipeg International Airport, and related matters, established under Order in Council P.C. 1964-857 of June 11, 1964 |h[electronic resource]. |
| 260 | |aOttawa : |bPrivy Council, |cMarch 3, 1966. |
| 300 | |a179, 33 p. : |bfigs., map, tables |
| 590 | |a14-17-Supp|b2014-10-09 |
| 690 | 07|aCivil aviation|2gcpds |
| 775 | 08|tRapport de la Commission d'enquête sur l'avenir de la base de révision d'Air Canada à l'aéroport international de Winnipeg et sur les questions connexes, instituée par le décret du conseil C.P. 1964-857, en date du 11 juin 1965 |w(CaOODSP)9.643568 |
| 856 | 40|ahttp://publications.gc.ca|qPDF|s1.57 MB|uhttps://publications.gc.ca/collections/collection_2014/priv/CP32-95-1966-2-eng.pdf |
| 856 | 40|ahttp://publications.gc.ca|qPDF|s10.45 MB|uhttps://publications.gc.ca/collections/collection_2014/priv/CP32-95-1966-1-eng.pdf |